Countries with Salt flats - Statistics

General Stats
  • This quiz has been taken 47 times
  • The average score is 7 of 11
Answer Stats
How Many Answer % Correct
1 China
95%
18 United States
93%
15 Chile
77%
2 Australia
74%
5 Argentina
72%
2 South Africa
67%
3 Bolivia
65%
5 Iran
63%
2 Namibia
60%
19 Botswana
58%
1 Qatar
9%
No matching quizzes found
Score Distribution
Percent of People with Each Score
Percentile by Number Answered
Your Score History
You have not taken this quiz